Host cities of the 2023 Rugby World Cup on a map. - Statistics

General Stats
  • This quiz has been taken 76 times
  • The average score is 8 of 9
Answers on the Map
Answers color-coded by a green-red scale on the quiz's map according to % correct below.
 
Answer Stats
Cities % Correct
Saint-Denis
100%
Décines-Charpieu
96%
Marseille
94%
Nice
91%
Bordeaux
90%
Villeneuve-d'Ascq
88%
Toulouse
82%
Nantes
73%
Saint-Étienne
54%
No matching quizzes found
Score Distribution
Percent of People with Each Score
Percentile by Number Answered
Your Score History
You have not taken this quiz